| 000 | 00992cam a2200289 a 4500 | ||
|---|---|---|---|
| 999 |
_c532249 _d532249 |
||
| 001 | 16707056 | ||
| 003 | NUST | ||
| 005 | 20191114141830.0 | ||
| 008 | 110325s2010 enka b 001 0 eng | ||
| 010 | _a 2011379777 | ||
| 020 | _a9780727740892 | ||
| 038 | _aM.Ramzan | ||
| 040 |
_aDLC _cDLC |
||
| 042 | _apcc | ||
| 050 | 0 | 0 |
_aTA664 _b.C62 2010 |
| 082 |
_a624.1821 _bCOL |
||
| 100 | 1 |
_aCollings, David. _925631 |
|
| 245 | 1 | 0 |
_aSteel-concrete composite buildings : _bdesigning with Eurocodes / _cDavid Collings. |
| 260 |
_aLondon : _bThomas Telford ; _aFitchburg, MA : _bPublishers Storage and Shipping Corp. [distributor], _c2010. |
||
| 300 |
_axvi, 219 p. : _bill. ; _c26 cm. |
||
| 504 | _aIncludes bibliographical references (p. 206-211) and index. | ||
| 650 | 0 |
_aComposite construction. _925632 |
|
| 650 | 0 |
_aEurocodes (Standards) _925633 |
|
| 906 |
_a7 _bcbc _corigres _d2 _encip _f20 _gy-gencatlg |
||
| 942 |
_2ddc _cBK |
||